• 首页
  • 本馆介绍
  • 公告通知
  • 最新文献
  • 馆藏检索
  • 电子资源
  • 读者导购
  • 参考咨询
  • 我的图书馆
  • 登录
  • 详细信息显示
  • 放入我的书架
  • 预约/预借图书
  • 作者相关作品
  • 分类相关作品
  • 丛书相关作品
  • 出版社相关作品

书目信息

  • 表格格式
  • 工作单格式
  • 卡片格式
题名:
核桃优质丰产高效栽培与间作
    
 
作者: 高山 , 张锐 , 阿不都卡迪尔·艾海提 主编
分册:  
出版信息: 长春   吉林大学出版社  2017.03
页数: 266页
开本: 24cm
丛书名:
单 册:
中图分类: S664.1
科图分类:
主题词: 核桃--果树园艺 , 核桃--果园间作
电子资源:
ISBN: 978-7-5677-9764-2
000 01096nam0 2200253 450
001 4945
005 20181013160018.63
010    @a978-7-5677-9764-2@dCNY59.50
100    @a20180412d2017 em y0chiy50 ea
101 0  @achi
102    @aCN@b220000
105    @aa z 000yy
200 1  @a核桃优质丰产高效栽培与间作@9he tao you zhi feng chan gao xiao zai pei yu jian zuo@f高山,张锐,阿不都卡迪尔·艾海提主编
210    @a长春@c吉林大学出版社@d2017.03
215    @a266页@c图@d24cm
330    @a全书共九章,对核桃栽培概况、核桃的主要种类和优良品种、核桃的生物学特性与环境因子、核桃育苗技术、核桃建园与栽植技术、核桃丰产管理技术、核桃主要病虫害防治技术、采后处理加工技术、核桃园间作技术等内容进行了详细的介绍,以便使核桃的种植及管理人员、相关技术服务人员能够全面、详尽地掌握核桃优质丰产的现代栽培技术。
606 0  @a核桃@x果树园艺
606 0  @a核桃@x果园间作
690    @aS664.1@v5
701  0 @a高山@9gao shan@4主编
701  0 @a张锐@9zhang rui@4主编
701  0 @a阿不都卡迪尔·艾海提@9a bu dou ka di er · ai hai ti@4主编
801  0 @aCN@b91MARC@c20180412
905    @aMuseLib@dS664.1@e481
    
    核桃优质丰产高效栽培与间作/高山,张锐,阿不都卡迪尔·艾海提主编.-长春:吉林大学出版社,2017.03
    266页:图;24cm
    
    
    ISBN 978-7-5677-9764-2:CNY59.50
    全书共九章,对核桃栽培概况、核桃的主要种类和优良品种、核桃的生物学特性与环境因子、核桃育苗技术、核桃建园与栽植技术、核桃丰产管理技术、核桃主要病虫害防治技术、采后处理加工技术、核桃园间作技术等内容进行了详细的介绍,以便使核桃的种植及管理人员、相关技术服务人员能够全面、详尽地掌握核桃优质丰产的现代栽培技术。
●
相关链接 在E读中查询图书 在五车中查询图书 在当当中查询图书 在豆瓣中查询图书


正题名:核桃优质丰产高效栽培与间作     索取号:S664.1/481         预约/预借

序号 登录号 条形码 馆藏地/架位号 状态 备注
1 1127379   211273799   第二样本阅览室/ [索取号:S664.1/481] 在馆    
2 1127380   211273806   第三借阅区/ [索取号:S664.1/481] 在馆    
3 1127381   211273815   第三借阅区/ [索取号:S664.1/481] 在馆    
4 1127382   211273824   第三借阅区/ [索取号:S664.1/481] 在馆    
5 1127383   211273833   生命科学系资料室/ [索取号:S664.1/481] 在馆    
唐山师范学院图书馆 欢迎您!
大连网信软件有限公司© 版权所有